First births in America : changes in the timing of parenthood /

Bibliographic Details
Main Author: Rindfuss, Ronald R., 1946-
Other Authors: Morgan, S. Philip, Swicegood, Gray, 1950-
Format: Book
Language:English
Published: Berkeley : University of California Press, 1988.
Series:Studies in demography (Berkeley, Calif.)
Subjects:

MARC

Tag First Indicator Second Indicator Subfields
LEADER 00000cam a22000008a 4500
001 in00000023740
005 20151007054319.0
008 870204s1988 cau b 00110 eng
010 |a  87005073  
020 |a 0520059077 (alk. paper) 
035 |a (OCoLC)15224502 
035 |9 AAB4658AM 
040 |a DLC  |c DLC  |d OCL  |d TXA  |d UtOrBLW 
049 |a TXAM  |c [A11494845] 
050 0 0 |a HQ759.98  |b .R56 1988 
070 0 |a HQ759.98.R5 
072 0 |a U400 
082 0 |a 306.8/74  |2 19 
100 1 |a Rindfuss, Ronald R.,  |d 1946- 
245 1 0 |a First births in America :  |b changes in the timing of parenthood /  |c Ronald R. Rindfuss, S. Philip Morgan, C. Gray Swicegood. 
263 |a 8803 
264 1 |a Berkeley :  |b University of California Press,  |c 1988. 
300 |a xi, 291 pages 
336 |a text  |b txt  |2 rdacontent 
337 |a unmediated  |b n  |2 rdamedia 
338 |a volume  |b nc  |2 rdacarrier 
490 1 |a Studies in demography 
504 |a Bibliography: pages [251]-275. 
500 |a Includes indexes. 
650 0 |a Family demography. 
650 0 |a Parenthood. 
700 1 |a Morgan, S. Philip. 
700 1 |a Swicegood, Gray,  |d 1950- 
830 0 |a Studies in demography (Berkeley, Calif.) 
999 |a MARS 
999 f f |s 1b1d314d-7762-3871-8435-6fba3424059f  |i b2216269-eeda-37cc-94f6-90097dc21eb3  |t 0 
952 f f |p ric  |a Texas A&M University  |b Rellis Campus  |c Joint Library Facility  |d Remote Storage  |t 0  |e HQ759.98 .R56 1988  |h Library of Congress classification  |i unmediated -- volume  |m A14811494845 
998 f f |a HQ759.98 .R56 1988  |t 0  |l Remote Storage